000 00549nam a2200181Ia 4500
008 100920s9999 xx 000 0 und d
082 _b66327
_a891.463.1 0
100 _aजाखडे अरूण.
245 _aएक एक काडी गवताची.
260 _b---
_c0
300 _a126
_bसाधी
365 _b60
520 _aलघुकथा.
630 _aएक एक काडी गवताची.
650 _aलघुकथा.
730 _aएक एक काडी गवताची.
942 _cBOOK
999 _c708979
_d708976